Negociación, mediación y conciliación: como métodos alternativos de solución de controversias
Uloženo v:
| Hlavní autor: | |
|---|---|
| Médium: | Kniha |
| Jazyk: | španělština |
| Vydáno: |
Santiago
Ediciones Jurídicas de Santiago
2009
|
| Vydání: | 1a. ed |
| Edice: | Estudios de Derecho Procesal
|
| Témata: | |
| Tagy: |
Přidat tag
Žádné tagy, Buďte první, kdo vytvoří štítek k tomuto záznamu!
|
MARC
| LEADER | 00000cam a2200000 a 4500 | ||
|---|---|---|---|
| 001 | UCH1454 | ||
| 003 | CL-VaPUC | ||
| 008 | 090427e20090100CL |||||||||||||||||spa|d | ||
| 020 | |a 9789568285319 | ||
| 082 | 0 | 4 | |a 347.09 |b NUN |2 21 |
| 100 | |a Núñez Ojeda, Raúl Eduardo |e autor |9 596772 | ||
| 245 | 1 | 0 | |a Negociación, mediación y conciliación: como métodos alternativos de solución de controversias |
| 250 | |a 1a. ed | ||
| 300 | |a 220 p | ||
| 942 | |c BK | ||
| 945 | |d 20090427 00:00:00 |a dcastane | ||
| 260 | |a Santiago |b Ediciones Jurídicas de Santiago |c 2009 | ||
| 650 | 7 | |a CONCILIACION |2 CL-VaPUC |9 341638 | |
| 650 | 0 | |a Conflictos |9 332195 | |
| 650 | 0 | |a Mediación |9 338396 | |
| 650 | 0 | |a Negociación |9 307187 | |
| 650 | 0 | |a Solución de conflictos |9 266729 | |
| 651 | 0 | |a España |9 254926 | |
| 651 | 0 | |a Estados Unidos |9 255178 | |
| 651 | 0 | |a Alemania |9 255688 | |
| 651 | 0 | |a Italia |9 254949 | |
| 651 | 0 | |a Francia |9 255157 | |
| 583 | |a last modification |c 20190328 01:29:15 |k Rodrigo Vera | ||
| 490 | 0 | |a Estudios de Derecho Procesal | |
| 999 | |c 333492 |d 333490 | ||
| 952 | |0 0 |1 0 |4 0 |6 347_090000000000000_NUN_2009 |7 0 |8 A |9 421933 |a BIBDER |b BIBDER |d 2019-11-22 |i 4540441 |o 347.09 NUN 2009 |p 4540441 |r 2023-01-25 |w 2019-11-22 |y BK |k DER | ||
| 952 | |0 0 |1 0 |2 ddc |3 erb |4 0 |6 347_090000000000000_NUN_2009 |7 1 |8 C_LRYV |9 421934 |a BIBDER |b BIBDER |i 5088186 |o 347.09 NUN 2009 |p 5088186 |r 2023-01-25 |w 2019-11-22 |y BK_X |z Catalogado en:20140710 |k BRV | ||
| 952 | |0 0 |1 0 |3 erb |4 0 |6 347_090000000000000_NUN_2009 |7 0 |8 A |9 421935 |a BIBDER |b BIBDER |i 5539749 |l 1 |o 347.09 NUN 2009 |p 5539749 |r 2023-01-25 |s 2022-08-24 |w 2019-11-22 |y BK |z Catalogado en:20190329 |k DER | ||